000 01035nam0a22003011 4500
001 RU\NLR\INFOCOMM_165\5000016397
005 20250613101431.0
035 _a(NLR Aleph) 009378884
090 _a7969795
_c7969795
100 _a20101224d1989 |||y0rusy50 ca
101 0 _aeng
102 _aRU
105 _aa ||||000|y
200 1 _aOn a manifestation of the anomalies in the massless QED
_fA. S. Gorsky
210 _aM.
_cAtominform
_d1989
215 _a8 с.
_cил.
_d20 см
225 1 _aInst. of theoretical a. experimental physics
_v155-89
300 _aВ вып. дан.: О проявлении аномалий в безмассовой КЭД / А. С. Горский
320 _aБиблиогр.: с. 8
606 _aКвантовая электродинамика
_2nlr_sh1
686 _aВ315.4
_2rubbk
700 1 _9z01790
_aGorskij
_bA. S.
_4070
790 1 _9z01700
_aGorsky
_bA. S.
_4070
801 1 _aRU
_bNLR
_c20101224
801 0 _aRU
_bNLR
_gPSBO
852 _aNLR
_jФз01 Д-4/5631
942 _cBOOK
980 _aNB